| 000 | 00732nam a2200229 a 4500 | ||
|---|---|---|---|
| 005 | 20240911064710.0 | ||
| 008 | 190117s2017 mx r 000 0 spa d | ||
| 020 | _a9786078511211 | ||
| 035 | _aUPN01000228416 | ||
| 049 | _aCG | ||
| 050 | 4 |
_aLB1027.3 _bM3.2 |
|
| 100 | 1 |
_aMagendzo, Abraham _929097 |
|
| 245 | 1 | 0 |
_aControversia en el aula : _bherramientas y técnicas para profesores de todas las áreas / _cAbraham Magendzo. |
| 260 |
_aMéxico : _bNEISA : _bMagisterio, _cc2017. |
||
| 300 | _a191 p. | ||
| 440 | 0 | _aDidácticas | |
| 650 | 4 |
_aEducación _xMétodos experimentales _95868 |
|
| 650 | 4 |
_aComunicación en la educación _91520 |
|
| 650 | 4 |
_aDebates y el arte de discutir _913881 |
|
| 905 | _aLibro | ||
| 999 |
_c200511 _d200511 |
||